| 000 | 00499nam a22001697a 4500 | ||
|---|---|---|---|
| 005 | 20240816063959.0 | ||
| 008 | 240816b |||||||| |||| 00| 0 eng d | ||
| 020 | _a0406016038 | ||
| 041 | _aEnglish | ||
| 082 | _a349 ENG | ||
| 100 | _lEnglish | ||
| 245 | _aThe All England Law Reports: Annual Review 1992 | ||
| 260 |
_aLondon: _bButterworth and Company (Pty) Ltd, _c1992 |
||
| 300 |
_bxxxv, 461 pages; _c25 cm. |
||
| 650 |
_aLegal practice _bLaw |
||
| 942 |
_cBK _6ALISON_BN_VRIES |
||
| 999 |
_c2579 _d2579 |
||